Water Fountain - Alec Benjamin - All Lyrics - Statistics

General Stats
  • This quiz has been taken 186 times
  • The average score is 314 of 360
Answer Stats
Answer % Correct
fountain
100%
the
100%
The
100%
what
100%
ear
99%
I
99%
love
99%
me
99%
She
99%
she
99%
water
99%
a
98%
and
98%
And
98%
by
98%
in
98%
that
98%
to
98%
told
98%
was
98%
him
96%
loved
96%
didn't
95%
he
95%
her
94%
it
93%
be
90%
Kissing
90%
whispering
90%
lips,
89%
pulling
89%
with
88%
he's
87%
hips,
87%
know
87%
now
87%
Now
87%
But
86%
but
86%
'cause
86%
should
86%
too
86%
Too
86%
(Too
86%
for
85%
grabbing
84%
young
84%
young,
84%
young)
84%
(Young)
84%
innocent
83%
really
82%
at
81%
feel
81%
knows
81%
she's
81%
She's
81%
shouldn't
80%
time
80%
night
79%
couldn't
78%
home
77%
listen
77%
lovely
76%
touching
76%
us
76%
alone,
74%
alone
74%
made
74%
hurry
73%
skin
73%
when
73%
because
72%
It's
72%
it's
72%
of
72%
built
71%
else
71%
got
70%
moment
70%
kind
69%
dancing
68%
something
68%
Forgetting
66%
hand,
65%
I'm
65%
my
65%
My
65%
only
65%
will
65%
getting
64%
should've
64%
back
62%
cup
62%
heart,
62%
not
62%
wish
62%
broken
61%
feeling
61%
past
61%
ten
61%
I'll
60%
quarter
60%
goes
59%
set
59%
try
59%
dirty
57%
ever
57%
fix
56%
we're
56%
if
55%
open
55%
rust
55%
blurry
53%
give
53%
handle
53%
standing
51%
No matching quizzes found
Score Distribution
Percent of People with Each Score
Percentile by Number Answered
Your Score History
You have not taken this quiz